000
00246nam a22001097a 4500
999
_c
260619
_d
260618
020
_a
0439343887
100
_a
Ben M. Baglio
245
_a
Animal Ark: Pony in a Package
260
_a
New York
_b
Scholastic
_c
1999
300
_a
141 pgs
942
_c
BK